000 00350nam a2200145Ia 4500
008 210210b1930 xxu||||| |||| 00| 0 eng d
041 _aeng
082 _a825/879
100 _aUNDERHILL (E)
245 _aMysticism
260 _aLondon
_bMethuen and Company Limited
_c1930
650 _aMysticism
690 _aEnglish Criticism
906 _a015194
999 _c134511
_d134511